000 00383nam a22001457a 4500
005 20200619130535.0
008 200619b xxu||||| |||| 00| 0 eng d
082 _a345.4 LIC
110 _aALL INDIA REPORTER
_96207
245 _aLABOUR AND INDUSTRIAL CASES [1991]V-24 PART-I
260 _aMUMBAI
_bALL INDIA REPORTER
_c1991
300 _a13993p.
650 _aLAW
_95701
942 _cJRL
999 _c7302
_d7300